000 00705nam a22002297a 4500
003 UA-OsUOA
001 35136
007 ta
008 20051108b un ||||| |||| 00| 0 ukr d
090 _a1(038)
_bФ56
942 _cBK
040 _aUA-OsUOA
_brus
_cUA-OsUOA
_dUA-OsUOA
245 _aФилосовская мысль Восточных славян
_bБиобиблиографический словарь
_cЗа ред. Л. В. Губерского
300 _a326 с.
955 _a2
041 _arus
080 _a1(038)
020 _a966-7288-72-2
260 _aК.
_bПарламенствое изд-во
_c1999
650 7 _a1 Філософські науки
_2UDC
999 _c321521
_d321521